000 00876nam a2200253Ia 4500
003 OSt
005 20220923215838.0
006 a|||||r|||| 00| 0
007 ta
008 220922b |||||||| |||| 00| 0 hin d
024 _a182,172
037 _cTextual
040 _aARTS
_cARTS
_bhin
041 _2hin
_ahin
082 _aO152,1N43x, M7
100 _aदेवगुण, रूप
_9156278
245 0 _aप्रश्न उठता है मेरे भीतर
_b काव्य संकलन
246 _aPrashna uṭhatā hai mere bhītara: kāvya sankalana
260 _aदिल्ली
_b राजपब्लि हाउस
_c1987
300 _a71 पृ.
_ccm.
650 _aहिन्दी साहित्य
_9156264
942 _hO152,1N43x, M7
_cTEXL
_2CC
999 _c335546
_d335546